Testing for language teachers /

Détails bibliographiques
Auteur principal: Hughes, Arthur, 1941-
Format: Livre
Langue:English
Publié: Cambridge ; New York : Cambridge University Press, 2003.
Édition:Second edition.
Collection:Cambridge language teaching library
Sujets:
Classic Catalogue: View this record in Classic Catalogue
LEADER 01640nam a2200313 a 4500
001 0013381
003 BD-DhAAL
008 090531s2003 enka b 001 0 eng d
010 |a \\2003268576 
020 |a 0521823250 
020 |a 0521484952 (PBK) 
040 |a UKM  |c UKM  |d DLC  |d BD-DhAAL 
082 0 4 |a 407.6  |2 21 
100 1 |a Hughes, Arthur,  |d 1941-  |9 48986 
245 1 0 |a Testing for language teachers /  |c Arthur Hughes. 
250 |a Second edition. 
260 |a Cambridge ;  |a New York :  |b Cambridge University Press,  |c 2003. 
300 |a xii, 251 p. :  |b ill. ;  |c 24 cm 
490 0 |a Cambridge language teaching library 
504 |a Includes bibliographical references (p. 237-245) and indexes. 
526 |a ENH  |x Shenin Ziauddin and Nazia Husain Faculty Members of BRAC University 
541 1 |e 00013382, 0017202  |a Friends' Book Corner 
650 0 |a Language and languages  |x Ability testing. 
852 4 |a Ayesha Abed Library  |c General Stacks 
942 |2 ddc  |c BK 
999 |c 1205  |d 1205 
952 |0 0  |1 0  |2 ddc  |4 0  |6 407_600000000000000_HUG  |7 0  |9 1091  |a BRACUL  |b BRACUL  |c GEN  |d 2009-06-24  |g 2050.00  |l 11  |m 113  |o 407.6 HUG  |p 3010013382  |q 2026-06-02  |r 2026-02-02  |s 2026-02-02  |t 2  |w 2009-06-24  |y BK 
952 |0 0  |1 0  |2 ddc  |4 0  |6 407_600000000000000_HUG_2003  |7 0  |9 9406  |a BRACUL  |b BRACUL  |c GEN  |d 2010-04-25  |e Friends' Book Corner  |g 3009.00  |l 18  |m 92  |o 407.6 HUG  |p 3010017202  |r 2026-05-18  |s 2026-02-02  |t 3  |w 2010-04-25  |y BK  |x Requisitioned by Shenin Ziauddin and Nazia Husain (Faculty Members of BRAC University) 
952 |0 0  |1 0  |2 ddc  |4 0  |6 407_600000000000000_HUG  |7 0  |9 16294  |a BRACUL  |b BRACUL  |c GEN  |d 2011-05-05  |g 2050.00  |l 13  |m 216  |o 407.6 HUG  |p 3010013381  |r 2026-02-23  |s 2026-02-02  |t 1  |w 2011-05-05  |y BK